书目信息 |
| 题名: |
权力伙伴 2
|
|
| 作者: | 莫里斯 著 | |
| 分册: | ||
| 出版信息: | 呼和浩特 内蒙古人民出版社 1997.09 |
|
| 页数: | 2册 | |
| 开本: | 32开 | |
| 丛书名: | ||
| 单 册: | ||
| 中图分类: | D771.2 | |
| 科图分类: | ||
| 主题词: | 政治 | |
| 电子资源: | ||
| ISBN: | 7-204-03682-4 | |
| 000 | 00569nam0 2200193 45 | |
| 001 | 0012110920 | |
| 005 | 20001211102349.9 | |
| 010 | @a7-204-03682-4@d共37.50元 | |
| 100 | @a20001211d1997 km y0chiy0120 ea | |
| 101 | 0 | @achi |
| 105 | @a z 000yy | |
| 200 | 1 | @a权力伙伴 2@AQuan Li Huo Ban 2@f(美)莫里斯著;李小刚等译@F(Mei)Mo Li Si Zhu;Li Xiao Gang Deng Yi |
| 210 | @a呼和浩特@c内蒙古人民出版社@d1997.09 | |
| 215 | @a2册@d32开 | |
| 606 | 0 | @a政治 |
| 690 | @aD771.2@v3 | |
| 701 | 0 | @a莫里斯@4著 |
| 801 | @aCN@bPftUser@c20001211 | |
| 905 | @dD771.2@eL373:2@b304812-816@f5 | |
| 权力伙伴 2/(美)莫里斯著;李小刚等译.-呼和浩特:内蒙古人民出版社,1997.09 |
| 2册;32开 |
| ISBN 7-204-03682-4:共37.50元 |
| ● |
| 相关链接 |
|
|
|
正题名:权力伙伴2
索取号:D771.2/L373:2
 
预约/预借
| 序号 | 登录号 | 条形码 | 馆藏地/架位号 | 状态 | 备注 |
| 1 | 304812 | 203048120 | 社科库509/509社科库 78排2列5层/ [索取号:D771.2/L373:2] | 在馆 | |
| 2 | 304813 | 203048139 | 社科库509/509社科库 78排2列5层/ [索取号:D771.2/L373:2] | 在馆 | |
| 3 | 304814 | 203048148 | 社科库509/509社科库 78排2列5层/ [索取号:D771.2/L373:2] | 在馆 | |
| 4 | 304815 | 203048157 | 社科库509/509社科库 78排2列5层/ [索取号:D771.2/L373:2] | 在馆 | |
| 5 | 304816 | 203048166 | 社科库509/509社科库 78排2列5层/ [索取号:D771.2/L373:2] | 在馆 |